Normal view
MARC view
- Educación Superior
Entry Materia
001 - NÚMERO DE CONTROL DEL REGISTRO
- campo de control: 59283
003 - IDENTIFICADOR DE NUMERO DE CONTROL
- campo de control: MX-MxUPN
005 - FECHA Y HORA DE LA ÚLTIMA TRANSACCIÓN
- campo de control: 20260416124407.0
008 - DATOS DE LONGITUD FIJA
- campo de control de longitud fija: 260416dg fnnnnbabc n ana d
040 ## - FUENTE DE LA CATALOGACIÓN
- Centro catalogador de origen: MX-MxUPN
- Lengua de catalogación: spa
150 ## - ENCABEZAMIENTO - TEMÁTICO
- Término de materia o nombre geográfico como elemento inicial: Educación Superior
- Subdivisión geográfica: Murcia, España
- Subdivisión de materia general: Historia
- Subdivisión cronológica: Siglo XVIII
670 ## - FUENTE EN LA QUE SE LOCALIZARON DATOS
- Cita de la fuente: Autoridades BGTQ, 16 abril 2026 :
- Información localizada: (Educación superior -- Nueva España -- Historia -- Siglo XVIII)
902 ## - CATALOGADOR
- Catalogador: VíctorGodínez/160426
